| 000 | 00919cam a2200253Ia 4500 | ||
|---|---|---|---|
| 005 | 20180312142526.0 | ||
| 008 | 140519s1993 ck a jr 001 j spa d | ||
| 020 | _a9580423814 | ||
| 040 |
_aCO-BoUCM _cJose A. Gerena _dJose A. Gerena _bspa |
||
| 041 | _aspa | ||
| 100 | 1 |
_aJudenne, Roger _d1948- _961277 |
|
| 245 | 1 | 3 |
_aEl propietario de la catedral _cRoger Judenne ; traducción de Luz Amorocho |
| 260 |
_aBogotá (Colombia) _bNorma _c1993 |
||
| 300 |
_a143 páginas _bilustraciones |
||
| 490 | 1 |
_aColeccíon torre de papel _aTorre amarilla |
|
| 650 | 7 |
_919750 _aMonumentos religiosos _vLibros de lectura |
|
| 650 | 7 |
_97794 _aLiteratura francesa |
|
| 650 | 7 |
_97795 _aLiteratura juvenil |
|
| 690 |
_942863 _aLiteratura europea |
||
| 700 | 1 |
_aAmorocho, Luz _etraductor _961278 |
|
| 765 | _tPropriétaire de cathédrale | ||
| 942 |
_a18 _cLIBRO _e1 _mJ925 _2DEWEY _h848.54 _n0 |
||
| 999 |
_c242829 _d242829 |
||